| 000 | 00612nam a2200205Ia 4500 | ||
|---|---|---|---|
| 003 | GCL | ||
| 008 | 140319s9999 xx 000 0 ara d | ||
| 040 |
_aGCL / _cGCL |
||
| 082 | 0 | 4 |
_a933.2 _bى ت |
| 100 | 1 | _aيوسف سامى اليوسف | |
| 245 | 1 | 0 |
_aتاريخ فلسطين عبر العصور / _cيوسف سامى اليوسف |
| 300 | _a203 | ||
| 490 |
_a100 قصة _v0 |
||
| 650 | 0 | 4 | _aالحروب الصليبية |
| 650 | 0 | 4 | _aالتاريخ الاسلامى |
| 650 | 0 | 4 | _aالحروف |
| 650 | 0 | 4 | _aالاحتلال الصهيونى |
| 650 | 0 | 4 | _aفلسطين - تاريخ |
| 942 |
_2ddc _cBK |
||
| 999 |
_c43844 _d43844 |
||